Govt. of
Madhya Pradesh

Tribal Culture In India (Record no. 14763)

MARC details
000 -LEADER
fixed length control field 004540000a22001810004500
001 - CONTROL NUMBER
control field 002855
003 - CONTROL NUMBER IDENTIFIER
control field MACL
005 - DATE AND TIME OF LATEST TRANSACTION
control field 20150707155745.0
008 - FIXED-LENGTH DATA ELEMENTS--GENERAL INFORMATION
fixed length control field 150707b xxu||||| |||| 00| 0 eng d
040 ## - CATALOGING SOURCE
Original cataloging agency MACL
Transcribing agency MACL
041 ## - LANGUAGE CODE
Language code of text/sound track or separate title English
100 ## - MAIN ENTRY--PERSONAL NAME
Personal name Mishra, Narayan
9 (RLIN) 1270
245 ## - TITLE STATEMENT
Title Tribal Culture In India
Statement of responsibility, etc. Narayan Mishra
260 ## - PUBLICATION, DISTRIBUTION, ETC. (IMPRINT)
Place of publication, distribution, etc. Kalpaz Publications,
Date of publication, distribution, etc. 2004
Name of publisher, distributor, etc. Delhi
350 ## - PRICE (NR) (BK AM CF MU VM SE) [OBSOLETE]
Price 720
650 ## - SUBJECT ADDED ENTRY--TOPICAL TERM
Topical term or geographic name as entry element Social Science
9 (RLIN) 1271
942 ## - ADDED ENTRY ELEMENTS (KOHA)
Call number prefix 308
Koha item type Books
Source of classification or shelving scheme
Holdings
Withdrawn status Lost status Source of classification or shelving scheme Damaged status Not for loan Home library Current library Date acquired Cost, normal purchase price Total Checkouts Total Renewals Full call number Barcode Date last seen Date last checked out Uniform Resource Identifier Price effective from Koha item type
          MACL MACL 07/07/2015 720.00 1 1 307.772/MIS CRE017431 02/05/2024 06/04/2017 14650 15/04/2015 Books